Mestská doprava v Bratislave

Bibliographic Details
Main Authors: Habarda, Dušan, 1930- (Author), Král, Milan (Author), Szojka, Ladislav (Author)
Format: Book
Language:Slovak
PhysicalDescription:221 s. fotogr. , mp., sch., tab. 20 cm
Published: Bratislava Albert Marenčin Vydavateľstvo PT 2010
ISBN:9788081140440
Edition:1. vyd.
Series:Bratislava-Pressburg
Subjects:

MARC

LEADER 00000cam a2200000 a 4500
001 vtls010090212
003 SK-MaSNL
005 20260426012154.0
008 240313s2010 xo obl g 000 0 slo
015 |a SNBA2010/08-04183 
020 |a 9788081140440  |q (viaz.) 
035 |a 9F17D7A8-817B-4BD0-A75A-4EE091764916 
035 |a urn:nbn:sk:snk-amjfum 
035 |a urn:nbn:sk:snk-am001rnm 
040 |a SNK  |b slo  |c SNK  |e AACR2 
041 0 |a slo 
044 |a xo  |c SK 
072 7 |a 656  |x Doprava  |2 konspekt 
080 |a 656.121  |2 2001 
080 |a (437.6)  |2 2001 
080 |a (048.8)  |2 2001 
100 1 |a Habarda, Dušan,  |d 1930-  |4 aut  |9 98682 
245 1 0 |a Mestská doprava v Bratislave  |c Dušan Habarda, Milan Král, Ladislav Szojka 
250 |a 1. vyd. 
260 |a Bratislava  |b Albert Marenčin Vydavateľstvo PT  |c 2010 
300 |a 221 s.  |b fotogr. , mp., sch., tab.  |c 20 cm 
490 1 |a Bratislava-Pressburg 
500 |a Zoz. skrat. Pozn. 
504 |a Bibliogr. s. 221 
648 7 |a 19.-20. stor.  |2 SNKPH  |9 268609 
650 0 7 |a mestská hromadná doprava  |2 SNKPH  |9 71604 
650 0 7 |a Urban public transportation  |2 SNKPHeng  |9 325264 
651 7 |a Bratislava (Slovensko)  |2 SNKPH  |9 14568 
651 7 |a Bratislava (Slovakia)  |2 SNKPHeng  |9 171234 
655 7 |a monografie  |2 SNKPH  |9 70139 
655 7 |a Monographs  |2 SNKPHeng  |9 120675 
700 1 |a Král, Milan  |4 aut  |9 8337 
700 1 |a Szojka, Ladislav  |4 aut  |9 347126 
830 0 |a Bratislava-Pressburg  |9 306818 
852 |a Štátna vedecká knižnica v Banskej Bystrici 
919 |a 978-80-8114-044-0 
958 |a NB 
958 |a OND 
968 |d 65 
999 |c 1090618  |d 1092548 
952 |a SNK  |b SNK  |y PREZ  |7 0  |p 17A0663541  |o snkSC 140841  |i snk2010/12775  |8 0  |0 0  |1 0  |4 0  |d 2010-06-10  |f 1  |l 0  |r 2025-07-09 00:00:00  |w 2026-02-24 
952 |a SNK  |b SNK  |y VYP  |7 0  |p 17A0663540  |o snkSC 140841 D1  |i snk2010/12776  |8 0  |0 0  |1 0  |4 0  |d 2010-06-10  |l 0  |r 2026-02-24 16:55:47  |w 2026-02-24 
952 |t snkHAB 656(091)  |a SNKUST  |b SNKUST  |y PREZ  |7 0  |p 17A0644197  |o snkSC 140841 D2  |i snk2010/13582  |8 3  |g 10.71  |0 0  |1 0  |4 0  |d 2010-06-22  |l 0  |r 2025-03-21 00:00:00  |w 2026-02-24